000 00315 a2200145 4500
001 156982
040 _cEscola São Tomás de Aquino
100 _aCULTURA INGLESA
240 1 0 _aHats on top 3
_lpor
245 1 0 _aHats on top 3
300 _a50 f.
440 1 _aCultura Inglesa
697 _a1º Ano
942 _cBK
999 _c156982
_d156982